[Event "33. ABC-Turnier 2013 - Gruppe F"]
[Site "Dortmund"]
[Date "2013.12.05"]
[Round "2.4"]
[White "Oehmke, Bernd"]
[Black "Jentzsch, Werner Wilfried"]
[Result "1/2-1/2"]
[WhiteElo "1346"]
[BlackElo "1347"]
[PlyCount "106"]
[EventDate "2013.??.??"]
[Source "Pit Schulenburg"]
[SourceDate "2013.09.05"]

1. d4 e6 2. e3 d5 3. Nf3 c5 4. c4 cxd4 5. Nxd4 Bb4+ 6. Bd2 Bxd2+ 7. Qxd2 Nf6 8.
cxd5 Nxd5 9. Bb5+ Bd7 10. Bxd7+ Nxd7 11. O-O Ne5 12. Na3 h5 13. Rac1 h4 14. h3
O-O 15. Nc4 Nxc4 16. Rxc4 Nb6 17. Rc2 Nd5 18. Rfc1 Qb6 19. a3 Rfd8 20. Qe2 Ne7
21. Nf3 Nf5 22. Rc4 Qd6 23. Nxh4 Nxh4 24. Rxh4 Qd2 25. Qxd2 Rxd2 26. Rb4 b6 27.
Kf1 Rad8 28. Ke1 R2d7 29. Rbc4 Kf8 30. Rc8 Rd1+ 31. Rxd1 Rxc8 32. Rd7 Rc2 33.
b4 a5 34. bxa5 bxa5 35. Ra7 Rc5 36. g4 g5 37. Ke2 Kg7 38. Kf3 Kg6 39. Ra6 Kg7
40. Kg3 e5 41. h4 f6 42. hxg5 fxg5 43. a4 Kf7 44. Kg2 Kg7 45. f4 exf4 46. exf4
gxf4 47. Kf3 Rc3+ 48. Kxf4 Rc4+ 49. Kf5 Rxa4 50. Ra7+ Kf8 51. Kf6 Rf4+ 52. Kg5
Ra4 53. Kf6 Rf4+ {(=)} 1/2-1/2

[Event "33. ABC-Turnier 2013 - Gruppe F"]
[Site "Dortmund"]
[Date "2013.12.19"]
[Round "2.5"]
[White "Weih, Kurt"]
[Black "Oehmke, Bernd"]
[Result "0-1"]
[WhiteElo "1335"]
[BlackElo "1346"]
[PlyCount "72"]
[EventDate "2013.??.??"]
[Source "Pit Schulenburg"]
[SourceDate "2013.09.05"]

1. d4 d5 2. c4 c6 3. Nf3 Nf6 4. Bg5 Bg4 5. e3 Bxf3 6. gxf3 e6 7. Nc3 Be7 8. Rg1
Nbd7 9. f4 h6 10. Bxf6 Bxf6 11. e4 dxe4 12. Nxe4 Qa5+ 13. Nc3 O-O-O 14. Qd2 Nc5
15. O-O-O Rxd4 16. Qc2 Rxf4 17. a3 Bxc3 18. Qxc3 Qxc3+ 19. bxc3 g6 20. Rg2 Rd8
21. Be2 Rxd1+ 22. Kxd1 Ne4 23. Kc2 Rxf2 24. Rxf2 Nxf2 25. Bf3 Nh3 26. Kd3 Ng5
27. Bg2 f5 28. Kd4 Nf7 29. h4 Kc7 30. Kc5 e5 31. Kb4 Nd6 32. c5 Ne8 33. Kc4 Nf6
34. Kd3 Nd5 35. Bh1 g5 36. h5 Nf4+ 0-1

[Event "33. ABC-Turnier 2013 - Gruppe F"]
[Site "Dortmund"]
[Date "2013.12.19"]
[Round "2.5"]
[White "Jentzsch, Werner Wilfried"]
[Black "Kirmes, Hans-Uwe"]
[Result "1-0"]
[WhiteElo "1347"]
[BlackElo "1288"]
[PlyCount "87"]
[EventDate "2013.??.??"]
[Source "Pit Schulenburg"]
[SourceDate "2013.09.05"]

1. d4 d5 2. Nc3 Nf6 3. Bf4 Bf5 4. e3 e6 5. Bd3 Bg6 6. Nf3 Bb4 7. a3 Bd6 8. O-O
Bh5 9. Be2 Bxf4 10. exf4 Nbd7 11. Ne5 Nxe5 12. fxe5 Bxe2 13. Qxe2 Nd7 14. f4 g6
15. Nb5 a6 16. Nc3 Qe7 17. b4 Nb6 18. b5 a5 19. Nd1 Nc4 20. a4 b6 21. Ne3 Nxe3
22. Qxe3 O-O 23. Qg3 f5 24. Rf3 Qb4 25. c3 Qc4 26. h4 Rf7 27. h5 Rg7 28. h6 Rf7
29. Qh4 Re8 30. Rg3 Ree7 31. Qh5 Kh8 32. Qf3 c6 33. Rc1 cxb5 34. axb5 Qxb5 35.
c4 Qa6 36. cxd5 Rc7 37. Rxc7 Rxc7 38. dxe6 Qc8 39. d5 Re7 40. Qc3 Rc7 41. e7
Rxc3 42. Rxc3 Qe8 43. e6 Kg8 44. d6 1-0

[Event "33. ABC-Turnier 2013 - Gruppe F"]
[Site "Dortmund"]
[Date "2013.12.19"]
[Round "2.5"]
[White "Herrmann, Rudolf"]
[Black "Strotmann, Dieter"]
[Result "1-0"]
[WhiteElo "1357"]
[BlackElo "1272"]
[PlyCount "67"]
[EventDate "2013.??.??"]
[Source "Pit Schulenburg"]
[SourceDate "2013.09.05"]

1. d4 d5 2. Nf3 Bf5 3. c4 e6 4. Nc3 Nf6 5. e3 Bb4 6. Be2 Nbd7 7. O-O h6 8. Qa4
Bxc3 9. bxc3 O-O 10. Bb2 b6 11. cxd5 exd5 12. Rfc1 c5 13. c4 Be4 14. Qd1 a6 15.
a4 Re8 16. h3 dxc4 17. Bxc4 Bd5 18. Qe2 Qb8 19. Bxa6 Bxf3 20. gxf3 Nd5 21. Bb5
Qd8 22. Qf1 Re6 23. dxc5 Nxc5 24. Rc4 Nc7 25. Rg4 Rg6 26. Qg2 Nxb5 27. Rxg6
fxg6 28. Kh2 Qd6+ 29. f4 Nc7 30. Be5 Qe6 31. Bxc7 Rxa4 32. Rxa4 Nxa4 33. Qa8+
Kh7 34. Qxa4 1-0

[Event "33. ABC-Turnier 2013 - Gruppe G"]
[Site "Dortmund"]
[Date "2013.11.28"]
[Round "1.1"]
[White "Skoecz, Horst"]
[Black "Simmen, Julius"]
[Result "0-1"]
[WhiteElo "1263"]
[BlackElo "1219"]
[PlyCount "114"]
[EventDate "2013.??.??"]
[Source "Pit Schulenburg"]
[SourceDate "2013.09.05"]

1. e4 e5 2. Nf3 d6 3. d4 exd4 4. Nxd4 Nf6 5. Bd3 Be7 6. c3 O-O 7. Be3 Bd7 8.
Na3 Nc6 9. Qb3 Nxd4 10. Bxd4 b6 11. O-O c5 12. Bxf6 Bxf6 13. Nc4 Be6 14. Qc2 d5
15. exd5 Bxd5 16. Ne3 c4 17. Nxc4 Bxc4 18. Bxc4 Qd6 19. Bd3 Rad8 20. Rad1 Qe6
21. Bxh7+ Kh8 22. Bf5 Qxa2 23. Rxd8 Rxd8 24. Rd1 Rxd1+ 25. Qxd1 g6 26. Bh3 Qxb2
27. c4 Bd4 28. Qf1 Qc3 29. Bd7 a5 30. Bb5 Qc2 31. h3 a4 32. Kh2 a3 33. Qe1 Qxf2
34. Qe8+ Kg7 35. Qe4 Qf6 36. Qe2 Qe5+ 37. Qxe5+ Bxe5+ 38. g3 a2 39. c5 bxc5 40.
Bc4 a1=Q 41. h4 Bd4 42. Kh3 f5 43. Bd5 Qf1+ 44. Bg2 Qe1 45. Bf3 Qf1+ 46. Bg2
Qxg2+ 47. Kxg2 c4 48. Kf3 c3 49. Ke2 Bf2 50. Kxf2 c2 51. Kf3 c1=Q 52. Kg2 Kf6
53. Kh2 Qd1 54. Kg2 Qg4 55. Kf2 f4 56. gxf4 Qxf4+ 57. Kg2 Qxh4 0-1

[Event "33. ABC-Turnier 2013 - Gruppe G"]
[Site "Dortmund"]
[Date "2013.09.05"]
[Round "1.1"]
[White "Wangrin, Stefan A"]
[Black "Dirks, Rainer"]
[Result "1-0"]
[WhiteElo "1190"]
[BlackElo "1223"]
[PlyCount "85"]
[EventDate "2013.??.??"]
[Source "Pit Schulenburg"]
[SourceDate "2013.09.05"]

1. e4 e5 2. c4 Bc5 3. Nc3 Nf6 4. Nf3 Nc6 5. a3 O-O 6. Bd3 Bd4 7. Bb1 d6 8. h3
b6 9. d3 Nh5 10. Nd5 Nf6 11. Bg5 Bxb2 12. Ra2 Bd4 13. O-O Be6 14. Nxd4 Nxd4 15.
Nxf6+ gxf6 16. Be3 f5 17. Bxd4 exd4 18. exf5 Bxf5 19. Qh5 Bg6 20. Qg4 Kh8 21.
Qxd4+ Kg8 22. Qg4 Qf6 23. d4 h5 24. Qg3 Kh7 25. Bxg6+ fxg6 26. Re2 Rf7 27. d5
Raf8 28. Qd3 Re7 29. Rxe7+ Qxe7 30. f3 Re8 31. Qe4 Qf7 32. Qd3 Qf4 33. Rd1 Re3
34. Qd2 Qe5 35. Kf2 Rxa3 36. Re1 Qg7 37. Qg5 Qd4+ 38. Kg3 h4+ 39. Kh2 Rxf3 40.
Re7+ Kh8 41. Qh6+ Kg8 42. Qxg6+ Kf8 43. Re8# {Diagramm #} 1-0

[Event "33. ABC-Turnier 2013 - Gruppe G"]
[Site "Dortmund"]
[Date "2013.09.19"]
[Round "1.2"]
[White "Wangrin, Stefan A"]
[Black "Simmen, Julius"]
[Result "1-0"]
[WhiteElo "1190"]
[BlackElo "1219"]
[PlyCount "43"]
[EventDate "2013.??.??"]
[Source "Pit Schulenburg"]
[SourceDate "2013.09.05"]

1. e4 e5 2. Bc4 Nf6 3. d3 Be7 4. a3 O-O 5. Nf3 d6 6. h3 Nc6 7. Nc3 Na5 8. Ba2
c5 9. Nd5 Nxd5 10. Bxd5 Nc6 11. c3 Bf6 12. h4 Qb6 13. Bg5 Bxg5 14. hxg5 Qxb2
15. Qc1 Qxc1+ 16. Rxc1 Bg4 17. Nh4 Rac8 18. g6 Be6 19. gxh7+ Kxh7 20. Bxc6 bxc6
21. Nf5+ Kg8 22. Ne7# {Diagramm #} 1-0

[Event "33. ABC-Turnier 2013 - Gruppe G"]
[Site "Dortmund"]
[Date "2013.09.19"]
[Round "1.2"]
[White "Steinberg, Dominic"]
[Black "Skoecz, Horst"]
[Result "0-1"]
[WhiteElo "1184"]
[BlackElo "1263"]
[PlyCount "38"]
[EventDate "2013.??.??"]
[Source "Pit Schulenburg"]
[SourceDate "2013.09.05"]

1. d4 c6 2. Nf3 Nf6 3. Bg5 Ne4 4. Bh4 d6 5. Nbd2 Nxd2 6. Nxd2 Qb6 7. Nc4 Qb4+
8. Nd2 Qxd4 9. Nf3 Qxb2 10. e3 Bg4 11. Be2 Qc3+ 12. Nd2 Bxe2 13. Kxe2 Qb4 14.
f4 Qb5+ 15. Kf2 Qf5 16. g4 Qd5 17. c4 Qc5 18. Qb3 b5 19. Ne4 Qxc4 {Diagramm #}
0-1

[Event "33. ABC-Turnier 2013 - Gruppe G"]
[Site "Dortmund"]
[Date "2013.10.04"]
[Round "1.3"]
[White "Skoecz, Horst"]
[Black "Wangrin, Stefan A"]
[Result "0-1"]
[WhiteElo "1263"]
[BlackElo "1190"]
[PlyCount "120"]
[EventDate "2013.??.??"]
[Source "Pit Schulenburg"]
[SourceDate "2013.09.05"]

1. e4 e5 2. Nf3 Nc6 3. d4 exd4 4. Nxd4 Nge7 5. c3 Nxd4 6. Qxd4 Nc6 7. Qd1 Qh4
8. Bd3 Bc5 9. g3 Qe7 10. Bf4 d5 11. Nd2 Bf5 12. O-O Be6 13. b4 Bd6 14. exd5
Bxd5 15. Re1 Be6 16. Bxd6 Qxd6 17. Ne4 Qd8 18. Nc5 Qc8 19. Bc4 Nd8 20. Nxe6
Nxe6 21. Qb3 Ke7 22. f4 g6 23. Rad1 Re8 24. b5 Kf6 25. Qb4 Ng7 26. Qb3 Ne6 27.
Qc2 Nc5 28. Qf2 Rxe1+ 29. Qxe1 Qe8 30. Qf2 Ne6 31. g4 Kg7 32. f5 Ng5 33. f6+
Kg8 34. Qg3 Qe5 35. Qxe5 Nf3+ 36. Kg2 Nxe5 37. Be2 g5 38. Rd5 Ng6 39. Kg3 h6
40. Rd7 Re8 41. Bf3 Re3 42. Kf2 Rxc3 43. Bd5 Ne5 44. Re7 Nxg4+ 45. Ke2 Nxf6 46.
Bxb7 Rc2+ 47. Kd3 Rxh2 48. Rxc7 Rxa2 49. Rc3 Ra5 50. Ba6 Nd5 51. Rc5 Nb4+ 52.
Kc4 Nxa6 53. Rc8+ Kg7 54. bxa6 Rxa6 55. Kb5 Ra1 56. Rc7 g4 57. Rc5 g3 58. Rc3
Rg1 59. Ka6 g2 60. Kxa7 Ra1+ 0-1

[Event "33. ABC-Turnier 2013 - Gruppe G"]
[Site "Dortmund"]
[Date "2013.10.24"]
[Round "1.4"]
[White "Simmen, Julius"]
[Black "Dirks, Rainer"]
[Result "0-1"]
[WhiteElo "1219"]
[BlackElo "1223"]
[PlyCount "107"]
[EventDate "2013.??.??"]
[Source "Pit Schulenburg"]
[SourceDate "2013.09.05"]

1. e4 e5 2. Nf3 Nc6 3. Bb5 d6 4. d4 Bd7 5. dxe5 dxe5 6. O-O Bg4 7. Qxd8+ Rxd8
8. Nxe5 Bd7 9. Nxc6 bxc6 10. Bd3 Bd6 11. Be3 Be5 12. Nc3 a5 13. f4 Bxc3 14.
bxc3 Ne7 15. Rf2 Rb8 16. Bc5 Ng6 17. Bd4 O-O 18. f5 Ne7 19. f6 gxf6 20. Bxf6
Ng6 21. Rf3 Rb2 22. Rg3 Be6 23. c4 Rfb8 24. Bxb2 Rxb2 25. e5 Kf8 26. Bxg6 hxg6
27. Rb3 Rxc2 28. Rg3 Bxc4 29. a4 Bd5 30. Rb1 Ra2 31. Rb7 Rxa4 32. Rxc7 Ra1+ 33.
Kf2 a4 34. Rh3 Kg7 35. e6 Bxe6 36. Rd3 Bd5 37. Re3 Ra2+ 38. Re2 Rxe2+ 39. Kxe2
Bxg2 40. Ra7 Kf6 41. Rxa4 Ke5 42. Ke3 Bd5 43. h4 c5 44. Rf4 c4 45. Rd4 c3 46.
Rd1 c2 47. Rc1 Be4 48. Kd2 f5 49. Rg1 f4 50. Rg5+ Kd4 51. Rg4 f3 52. Rf4 Ke5
53. Rg4 f2 54. Rg5+ 0-1

[Event "33. ABC-Turnier 2013 - Gruppe G"]
[Site "Dortmund"]
[Date "2013.10.14"]
[Round "1.5"]
[White "Dirks, Rainer"]
[Black "Skoecz, Horst"]
[Result "1-0"]
[WhiteElo "1223"]
[BlackElo "1263"]
[PlyCount "69"]
[EventDate "2013.??.??"]
[Source "Pit Schulenburg"]
[SourceDate "2013.09.05"]

1. e4 e5 2. Nf3 d6 3. d4 Nc6 4. d5 Nce7 5. Be2 Nf6 6. Nc3 c6 7. dxc6 bxc6 8.
O-O Nd7 9. Qxd6 Qb6 10. Nxe5 Bb7 11. Nxd7 Ng6 12. Nxb6 Bxd6 13. Nxa8 Bxa8 14.
g3 O-O 15. Be3 Re8 16. Bxa7 Be5 17. f3 Re7 18. Bc5 Rb7 19. Rab1 Rb8 20. Na4 Bc7
21. Rfd1 Re8 22. Rd7 Be5 23. f4 Bf6 24. e5 Bxe5 25. fxe5 Nxe5 26. Rd6 Bb7 27.
Rbd1 f6 28. Rd8 Kf7 29. Rxe8 Kxe8 30. Nc3 Bc8 31. a4 Ng4 32. Bxg4 Bxg4 33. Rd6
Bf5 34. a5 Bxc2 35. a6 1-0

[Event "33. ABC-Turnier 2013 - Gruppe G"]
[Site "Dortmund"]
[Date "2013.11.07"]
[Round "2.1"]
[White "Simmen, Julius"]
[Black "Skoecz, Horst"]
[Result "0-1"]
[WhiteElo "1219"]
[BlackElo "1263"]
[PlyCount "86"]
[EventDate "2013.??.??"]
[Source "Pit Schulenburg"]
[SourceDate "2013.09.05"]

1. e4 c6 2. d4 e6 3. Nc3 d5 4. exd5 cxd5 5. Nf3 Nf6 6. Bg5 h6 7. Bf4 Nc6 8. Bb5
Bb4 9. Ne5 Bd7 10. Nxd7 Nxd7 11. O-O Bxc3 12. bxc3 Nf6 13. Qe2 Ne4 14. Bd2 a6
15. Bd3 g6 16. Bxe4 dxe4 17. Qxe4 Qd5 18. Qxd5 exd5 19. Rae1+ Kd7 20. Re3 Rhe8
21. Rfe1 Rxe3 22. Rxe3 f6 23. Rh3 h5 24. Rf3 Ke6 25. Re3+ Kf7 26. Rf3 f5 27. h4
b5 28. Bg5 Na5 29. Re3 Re8 30. Rxe8 Kxe8 31. Bd2 Nc4 32. Bc1 Kf7 33. f4 Nd6 34.
Kf2 Ne4+ 35. Ke3 Nxc3 36. a3 a5 37. Kd3 Ne4 38. Ke3 Nd6 39. Bd2 Ke6 40. Bxa5
Nc4+ 41. Kd3 Nxa5 42. g3 Nc4 43. c3 Nxa3 0-1

[Event "33. ABC-Turnier 2013 - Gruppe G"]
[Site "Dortmund"]
[Date "2013.11.07"]
[Round "2.1"]
[White "Dirks, Rainer"]
[Black "Wangrin, Stefan A"]
[Result "0-1"]
[WhiteElo "1223"]
[BlackElo "1190"]
[PlyCount "82"]
[EventDate "2013.??.??"]
[Source "Pit Schulenburg"]
[SourceDate "2013.09.05"]

1. e4 e5 2. Nf3 Bc5 3. Bc4 Nc6 4. O-O a6 5. Nc3 h6 6. a3 Nf6 7. b4 Ba7 8. Bb2
d6 9. Ne2 Nxe4 10. d3 Ng5 11. Ng3 Bg4 12. Bd5 Qe7 13. Qe1 Nxf3+ 14. Bxf3 Bxf3
15. gxf3 Nd4 16. Bxd4 Bxd4 17. Rc1 Bb2 18. Rb1 Bd4 19. Nf5 Qg5+ 20. Ng3 O-O 21.
c3 Ba7 22. Kh1 Qf4 23. Qe2 Rae8 24. Rg1 Qg5 25. Ne4 Qe7 26. Rg2 f5 27. Nd2 Kh7
28. Nf1 Rf6 29. Ng3 Rg8 30. f4 g5 31. Nh5 Rfg6 32. fxe5 dxe5 33. Qf3 b5 34. Qb7
Bb6 35. Re1 Qd8 36. Rd1 e4 37. d4 Qe8 38. Qd5 Rf8 39. Rgg1 Rd6 40. Qe5 Qxh5 41.
Qe7+ Rf7 0-1

[Event "33. ABC-Turnier 2013 - Gruppe G"]
[Site "Dortmund"]
[Date "2013.11.17"]
[Round "2.2"]
[White "Steinberg, Dominic"]
[Black "Dirks, Rainer"]
[Result "0-1"]
[WhiteElo "1184"]
[BlackElo "1223"]
[PlyCount "41"]
[EventDate "2013.??.??"]
[Source "Pit Schulenburg"]
[SourceDate "2013.09.05"]

1. d4 d5 2. Nf3 Nf6 3. Bf4 Nc6 4. e3 e6 5. a3 Bd6 6. Bg3 O-O 7. Nbd2 Re8 8. Ne5
Nxe5 9. dxe5 Bc5 10. exf6 Qxf6 11. Nb3 Qxb2 12. Qd2 c6 13. Nxc5 Qxa1+ 14. Qd1
Qxa3 15. Nd3 b5 16. Be5 Qa5+ 17. c3 f6 18. f4 fxe5 19. Nxe5 Qxc3+ 20. Kf2 Rf8
21. Bd3 0-1

[Event "33. ABC-Turnier 2013 - Gruppe G"]
[Site "Dortmund"]
[Date "2013.11.21"]
[Round "2.2"]
[White "Wangrin, Stefan A"]
[Black "Skoecz, Horst"]
[Result "1-0"]
[WhiteElo "1190"]
[BlackElo "1263"]
[PlyCount "129"]
[EventDate "2013.??.??"]
[Source "Pit Schulenburg"]
[SourceDate "2013.09.05"]

1. e4 d5 2. e5 e6 3. d4 Bd7 4. Nf3 c5 5. c4 Bc6 6. b3 Be7 7. Be3 Qa5+ 8. Qd2
Qb6 9. Bd3 Nd7 10. Bc2 a5 11. a4 cxd4 12. Qxd4 Bc5 13. Qf4 Bxe3 14. fxe3 Qb4+
15. Kf2 dxc4 16. Ng5 Nh6 17. bxc4 Qb2 18. Na3 Nxe5 19. Qd4 Qxd4 20. exd4 Neg4+
21. Kg3 Nf6 22. Rhe1 O-O 23. h3 Rad8 24. Rad1 Nf5+ 25. Bxf5 exf5 26. Nb5 h6 27.
Nf3 Ne4+ 28. Kh2 Nd6 29. Ne5 Ne4 30. d5 Bxb5 31. axb5 Rfe8 32. Nf3 g5 33. g4
fxg4 34. hxg4 Nf6 35. Rxe8+ Nxe8 36. b6 Nf6 37. Ne5 Re8 38. d6 Rxe5 39. d7
Nxg4+ 40. Kg1 Nf6 41. d8=Q+ Kg7 42. Qc7 Re4 43. Qxb7 Rxc4 44. Qa8 Rg4+ 45. Qg2
Rb4 46. b7 a4 47. Ra1 Ng4 48. Rxa4 Rb1+ 49. Qf1 Rxb7 50. Rxg4 Kg6 51. Qd3+ f5
52. Qa6+ Kh5 53. Qxb7 Kxg4 54. Qg2+ Kh5 55. Kf2 Kg6 56. Kg3 f4+ 57. Kg4 h5+ 58.
Kf3 Kf5 59. Qc2+ Kf6 60. Qc6+ Kf5 61. Qd7+ Ke5 62. Qg7+ Kf5 63. Qf7+ Ke5 64.
Qxh5 Kf6 65. Kg4 1-0

[Event "33. ABC-Turnier 2013 - Gruppe G"]
[Site "Dortmund"]
[Date "2013.10.17"]
[Round "2.3"]
[White "Simmen, Julius"]
[Black "Wangrin, Stefan A"]
[Result "0-1"]
[WhiteElo "1219"]
[BlackElo "1190"]
[PlyCount "50"]
[EventDate "2013.??.??"]
[Source "Pit Schulenburg"]
[SourceDate "2013.09.05"]

1. e4 e5 2. Nf3 Nc6 3. Bb5 Nge7 4. O-O a6 5. Ba4 b5 6. Bb3 h6 7. Nc3 Ng6 8. d3
Bc5 9. Re1 Nd4 10. Nxd4 Bxd4 11. Be3 Ba7 12. Qf3 O-O 13. Bd5 c6 14. Bb3 Nh4 15.
Qg4 d5 16. Qg3 Bxe3 17. fxe3 Be6 18. Qxe5 dxe4 19. Bxe6 fxe6 20. Qxe6+ Kh7 21.
Qxe4+ Kh8 22. Qxc6 Qg5 23. Rf1 Qxe3+ 24. Kh1 Qd2 25. Qd6 Qxg2# 0-1

[Event "33. ABC-Turnier 2013 - Gruppe G"]
[Site "Dortmund"]
[Date "2013.12.05"]
[Round "2.4"]
[White "Dirks, Rainer"]
[Black "Simmen, Julius"]
[Result "1-0"]
[WhiteElo "1223"]
[BlackElo "1219"]
[PlyCount "45"]
[EventDate "2013.??.??"]
[Source "Pit Schulenburg"]
[SourceDate "2013.09.05"]

1. e4 e5 2. Nf3 d6 3. Bc4 Bg4 4. h3 Bxf3 5. Qxf3 Nf6 6. Nc3 c6 7. O-O Be7 8. a4
O-O 9. b4 Nbd7 10. d3 Qb6 11. b5 Qd4 12. Bb2 Nb6 13. Bb3 Qb4 14. a5 Nbd7 15.
Ra4 Qc5 16. Rc4 Qxc4 17. Bxc4 cxb5 18. Nxb5 Rfc8 19. Ba3 Rc6 20. g4 a6 21. Nc3
b5 22. Nd5 Nxd5 23. Bxd5 1-0

[Event "33. ABC-Turnier 2013 - Gruppe G"]
[Site "Dortmund"]
[Date "2013.12.02"]
[Round "2.5"]
[White "Skoecz, Horst"]
[Black "Dirks, Rainer"]
[Result "1-0"]
[WhiteElo "1263"]
[BlackElo "1223"]
[PlyCount "69"]
[EventDate "2013.??.??"]
[Source "Pit Schulenburg"]
[SourceDate "2013.09.05"]

1. e4 e5 2. Nf3 Nc6 3. d4 exd4 4. Nxd4 d6 5. Nxc6 bxc6 6. c3 Nf6 7. Bg5 Be7 8.
Bxf6 Bxf6 9. Bd3 d5 10. O-O Rb8 11. Qa4 Rxb2 12. Qxc6+ Qd7 13. exd5 Qxc6 14.
dxc6 Bxc3 15. Nxc3 Rd2 16. Rfe1+ Be6 17. Ba6 O-O 18. Re2 Rd6 19. Bb7 Rfd8 20.
Ree1 Rd2 21. Re2 R2d3 22. Rc1 Kf8 23. Ba6 R3d6 24. Bb7 Bc4 25. Ree1 Rd2 26.
Rcd1 Rxd1 27. Rxd1 Re8 28. h3 Re7 29. a4 a5 30. Rd7 Ke8 31. Rd4 Re1+ 32. Kh2
Bb3 33. Ba6 Rc1 34. Ne4 Rxc6 35. Bb5 1-0

[Event "33. ABC-Turnier 2013 - Gruppe H"]
[Site "Dortmund"]
[Date "2013.09.05"]
[Round "1.1"]
[White "Schulz, Robin"]
[Black "Rabe, Mark"]
[Result "1-0"]
[WhiteElo "1194"]
[BlackElo "1109"]
[PlyCount "117"]
[EventDate "2013.??.??"]
[Source "Pit Schulenburg"]
[SourceDate "2013.09.05"]

1. e4 e5 2. Nf3 Nc6 3. Bc4 d6 4. Nc3 Nf6 5. d3 Be7 6. O-O O-O 7. b3 Na5 8. Bb2
Nxc4 9. bxc4 c6 10. Re1 Ng4 11. Rb1 h5 12. h3 Nh6 13. d4 f6 14. Nh4 Qe8 15. c5
g5 16. Nf3 Qg6 17. Nh2 g4 18. cxd6 gxh3 19. g3 Bd8 20. dxe5 fxe5 21. Qe2 Bd7
22. Nd1 h4 23. Bxe5 hxg3 24. Bxg3 Bb6 25. Qd3 Rae8 26. Rxb6 axb6 27. Qb3+ Re6
28. Kh1 Rf4 29. Qxb6 Rfxe4 30. Ne3 Rxd6 31. Bxd6 Re8 32. Rg1 Ng4 33. Nhxg4 Kh7
34. Rg3 Qe4+ 35. Kh2 Bxg4 36. Rxg4 Qe6 37. Rh4+ Kg6 38. Qd4 Rd8 39. Qd3+ Kg5
40. Bf4+ Kxh4 41. Qxd8+ Kh5 42. Qh8+ Kg6 43. Qh6+ Kf7 44. Qh7+ Kf6 45. Qh6+ Kf7
46. Qxe6+ Kxe6 47. Kxh3 b5 48. Kg4 c5 49. Bc7 c4 50. f4 b4 51. Ba5 Kf6 52. Bxb4
Kg6 53. f5+ Kf6 54. Bc3+ Kf7 55. Kg5 Ke7 56. Kg6 Kf8 57. Kf6 Kg8 58. Ke7 Kh7
59. f6 {Diagramm #} 1-0

[Event "33. ABC-Turnier 2013 - Gruppe H"]
[Site "Dortmund"]
[Date "2013.09.05"]
[Round "1.1"]
[White "Heinz, Hans-Werner"]
[Black "Schlettig, Achim"]
[Result "1-0"]
[WhiteElo "1189"]
[BlackElo "1117"]
[PlyCount "95"]
[EventDate "2013.??.??"]
[Source "Pit Schulenburg"]
[SourceDate "2013.09.05"]

1. e4 e5 2. Nf3 Nc6 3. c3 Nf6 4. d3 h6 5. h3 d6 6. Be2 Be7 7. Nh2 d5 8. Nd2
dxe4 9. dxe4 Be6 10. O-O O-O 11. Bf3 a6 12. b4 b5 13. Re1 Nb8 14. a4 Nbd7 15.
a5 c5 16. Ba3 cxb4 17. cxb4 Nb8 18. Re3 Nc6 19. Rb1 Qc7 20. Rc3 Rfd8 21. Qc2
Rac8 22. Rc1 Rd6 23. Qb2 Qb7 24. R1c2 Rd4 25. Qc1 Rd6 26. Nb3 Nd4 27. Rxc8+
Bxc8 28. Rxc8+ Kh7 29. Rc7 Qb8 30. Nxd4 Rxd4 31. Rxe7 Rc4 32. Qb2 Nxe4 33. Rxe5
Nxf2 34. Kxf2 Qa7+ 35. Kg3 Qc7 36. Kf2 Rc2+ 37. Kg1 Qa7+ 38. Kh1 Rxb2 39. Bxb2
Qc7 40. Be4+ g6 41. Rc5 Qd6 42. Bf3 Qd2 43. Ng4 Qxb2 44. Rc7 Qb1+ 45. Kh2 Qf5
46. Rc6 Qf4+ 47. Kh1 Qc1+ $4 48. Rxc1 {Diagramm #} 1-0

[Event "33. ABC-Turnier 2013 - Gruppe H"]
[Site "Dortmund"]
[Date "2013.09.19"]
[Round "1.2"]
[White "Rabe, Mark"]
[Black "Heinz, Hans-Werner"]
[Result "1/2-1/2"]
[WhiteElo "1109"]
[BlackElo "1189"]
[PlyCount "47"]
[EventDate "2013.??.??"]
[Source "Pit Schulenburg"]
[SourceDate "2013.09.05"]

1. Nc3 e5 2. e4 Nf6 3. Nf3 d6 4. Be2 h6 5. d4 Nbd7 6. dxe5 dxe5 7. O-O a6 8. a4
Bd6 9. Nh4 Nc5 10. Bf3 O-O 11. Nf5 Bxf5 12. exf5 e4 13. Be2 Re8 14. Be3 Re5 15.
g4 Re8 16. Qc1 Nh7 17. h3 Ng5 18. Kg2 f6 19. Rd1 b6 20. a5 Qb8 21. Nd5 Be5 22.
Bc4 Kh7 23. Be2 c6 24. Nf4 {Diagramm #} 1/2-1/2

[Event "33. ABC-Turnier 2013 - Gruppe H"]
[Site "Dortmund"]
[Date "2013.11.03"]
[Round "1.3"]
[White "Schlettig, Achim"]
[Black "Rabe, Mark"]
[Result "1-0"]
[WhiteElo "1117"]
[BlackElo "1109"]
[PlyCount "63"]
[EventDate "2013.??.??"]
[Source "Pit Schulenburg"]
[SourceDate "2013.09.05"]

1. e4 e5 2. Nf3 Nc6 3. Bc4 Nf6 4. d3 Be7 5. O-O d6 6. h3 h6 7. Nc3 a6 8. a3 b5
9. Ba2 Nd4 10. Be3 c5 11. Bxd4 cxd4 12. Nd5 O-O 13. c3 Bb7 14. Nxf6+ Bxf6 15.
cxd4 exd4 16. Rc1 Qd7 17. b4 g5 18. Nh2 Rac8 19. Qh5 Kg7 20. Ng4 Be5 21. Qxh6+
Kg8 22. Qxg5+ Kh8 23. Nxe5 dxe5 24. Qxe5+ Kg8 25. Rxc8 Qxc8 26. Qxd4 Qc7 27.
Qe3 Qc3 28. d4 Qc7 29. Bb1 Qe7 30. e5 Qe6 31. Qg5+ Kh8 32. Qh5+ 1-0

[Event "33. ABC-Turnier 2013 - Gruppe H"]
[Site "Dortmund"]
[Date "2013.10.17"]
[Round "1.4"]
[White "Schulz, Robin"]
[Black "Heinz, Hans-Werner"]
[Result "1/2-1/2"]
[WhiteElo "1194"]
[BlackElo "1189"]
[PlyCount "47"]
[EventDate "2013.??.??"]
[Source "Pit Schulenburg"]
[SourceDate "2013.09.05"]

1. e4 c5 2. Nf3 Nc6 3. Bc4 e6 4. Nc3 h6 5. d4 cxd4 6. Nxd4 Ne5 7. Bb3 a6 8. Bf4
Bd6 9. O-O Nf6 10. Re1 O-O 11. Nf3 Qc7 12. Nxe5 Bxe5 13. Bxe5 Qxe5 14. Qd3 Ng4
15. g3 Qh5 16. h4 Ne5 17. Qe2 Qg6 18. Nd1 b5 19. c3 Bb7 20. Bc2 Rae8 21. b4 f5
22. Nb2 f4 23. Nd3 Nxd3 24. Qxd3 1/2-1/2

[Event "33. ABC-Turnier 2013 - Gruppe H"]
[Site "Dortmund"]
[Date "2013.10.04"]
[Round "1.5"]
[White "Schlettig, Achim"]
[Black "Schulz, Robin"]
[Result "0-1"]
[WhiteElo "1117"]
[BlackElo "1194"]
[PlyCount "58"]
[EventDate "2013.??.??"]
[Source "Pit Schulenburg"]
[SourceDate "2013.09.05"]

1. e4 e5 2. Nf3 Nc6 3. Bc4 Bc5 4. d3 Nf6 5. h3 d6 6. O-O O-O 7. Nc3 Be6 8. Bb3
a6 9. Na4 Ba7 10. Be3 b6 11. Ng5 Bxb3 12. axb3 b5 13. Nc3 Nd4 14. Ne2 c5 15.
Ng3 Bb8 16. c3 Ne6 17. Nf3 d5 18. exd5 Nxd5 19. Nf5 Ndf4 20. d4 Qf6 21. Qc2
exd4 22. cxd4 Nd5 23. dxc5 Nxe3 24. Nxe3 Rc8 25. b4 Bc7 26. Nd5 Qd8 27. Rfd1
Qf8 28. Rac1 Bf4 29. Nxf4 Nxf4 {
Frage: Warum gab Weiss nun in gewonnener Stellung auf?} 0-1

[Event "33. ABC-Turnier 2013 - Gruppe H"]
[Site "Dortmund"]
[Date "2013.11.07"]
[Round "2.1"]
[White "Rabe, Mark"]
[Black "Schulz, Robin"]
[Result "0-1"]
[WhiteElo "1109"]
[BlackElo "1194"]
[PlyCount "36"]
[EventDate "2013.??.??"]
[Source "Pit Schulenburg"]
[SourceDate "2013.09.05"]

1. c4 e5 2. e4 Nf6 3. Nc3 Bc5 4. Nf3 d6 5. Be2 O-O 6. d4 Bb6 7. dxe5 dxe5 8.
Qxd8 Rxd8 9. Nxe5 Re8 10. Nf3 Nxe4 11. Nxe4 Rxe4 12. Ng5 Re5 13. Bf4 Rf5 14.
Rd1 Nc6 15. g3 Nd4 16. Bd3 Ba5+ 17. Kf1 Rxg5 18. Bxg5 Bh3+ 0-1

[Event "33. ABC-Turnier 2013 - Gruppe H"]
[Site "Dortmund"]
[Date "2013.11.07"]
[Round "2.1"]
[White "Schlettig, Achim"]
[Black "Heinz, Hans-Werner"]
[Result "1-0"]
[WhiteElo "1117"]
[BlackElo "1189"]
[PlyCount "55"]
[EventDate "2013.??.??"]
[Source "Pit Schulenburg"]
[SourceDate "2013.09.05"]

1. e4 e5 2. Nf3 Nc6 3. Bc4 h6 4. d3 Nf6 5. O-O a6 6. a4 Bc5 7. c3 O-O 8. Be3
Bxe3 9. fxe3 d5 10. exd5 Nxd5 11. Bxd5 Qxd5 12. Qe2 Bg4 13. Nbd2 Bh5 14. Rf2
Rad8 15. Nc4 e4 16. dxe4 Qxe4 17. Qf1 Rfe8 18. Re1 f6 19. Nfd2 Qe7 20. e4 Rf8
21. Ne3 Ne5 22. Nf5 Qd7 23. Ng3 Bg6 24. Nc4 Qxa4 25. Nxe5 fxe5 26. Re3 Rd1 27.
Re1 Rd6 28. Rxf8+ 1-0